000 00609nam a2200181Ia 4500
003 GCL
008 140319s9999 xx 000 0 ara d
040 _aGCL /
_cGCL
082 0 4 _a371.009532
_bا م
100 1 _aالقاضى اسماعيل بن على الاكوع
245 1 0 _aالمدارس الاسلامية فى اليمن /
_cالقاضى اسماعيل بن على الاكوع
250 _aالثانية
260 _aبيروت :
_bمؤسسة الرسالة ،
_c1980
300 _a539 ص ؛
_c24 سم
650 0 4 _aالمدارس
650 0 4 _aاليمن - المدارس
942 _2ddc
_cBK
999 _c5811
_d5811